000 00498nam a22001577a 4500
005 20251108165156.0
008 250721s1971 xx 000 0 ara d
082 1 4 _a368/احم
100 1 _aالحكيم، أحمد شكري
245 1 0 _aالتأمين و إعادة التأمين في إقتصاديات الدول النامية /
264 1 _aالقاهرة :
_bالأنجلو المصرية،
_c1971.
300 _a551ص
650 1 7 _aالتأمين
942 _2ddc
_cBK
999 _c21328
_d21328